[Event "Senioren-BEM Halle"]
[Site "Halle"]
[Date "2014.10.12"]
[Round "4.2"]
[White "Nowak, Stefan"]
[Black "Hilbert, Stephan-Joerg"]
[Result "1/2-1/2"]
[WhiteElo "1999"]
[BlackElo "1798"]
[PlyCount "98"]
[EventDate "2014.??.??"]

1. d4 b5 2. e4 Bb7 3. Bd3 Nf6 4. Qe2 e6 5. Nf3 a6 6. O-O c5 7. c3 Be7 8. Nbd2
O-O 9. e5 Nd5 10. Ne4 cxd4 11. cxd4 Nc6 12. a3 Qb6 13. Rd1 f5 14. exf6 Bxf6 15.
Neg5 Bxg5 16. Nxg5 Nf6 17. Be3 Qd8 18. Ne4 Nxe4 19. Bxe4 Na5 20. Bxb7 Nxb7 21.
d5 e5 22. d6 Qf6 23. b4 Nd8 24. Rac1 Nc6 25. Qd2 Qe6 26. Re1 Rf6 27. Bc5 Raf8
28. f3 Rf4 29. Qd3 h5 30. Bb6 R4f7 31. Re4 Qg6 32. Kh1 h4 33. Qd5 h3 34. g3 Qf5
35. Rf1 Qe6 36. Qxe6 dxe6 37. f4 exf4 38. Rfxf4 Rxf4 39. gxf4 g5 40. fxg5 Rf1+
41. Bg1 Rd1 42. d7 Rxd7 43. Rxe6 Nd4 44. Rg6+ Kf7 45. Rf6+ Kg7 46. Bxd4 Rxd4
47. Kg1 Rg4+ 48. Kf1 Rxg5 49. Rxa6 Rg2 1/2-1/2

[Event "Senioren-BEM Halle"]
[Site "Halle"]
[Date "2014.10.12"]
[Round "4.4"]
[White "Gremmer, Dieter"]
[Black "Moellmann, Hans-Joachim"]
[Result "0-1"]
[WhiteElo "1764"]
[BlackElo "1855"]
[PlyCount "98"]
[EventDate "2014.??.??"]

1. e4 c5 2. c3 Nf6 3. e5 Nd5 4. Nf3 d6 5. Be2 e6 6. O-O Be7 7. d4 O-O 8. exd6
Qxd6 9. dxc5 Qxc5 10. Qc2 Nd7 11. Bd3 N7f6 12. b3 Bd7 13. Bb2 Rfc8 14. Rc1 Qc7
15. Qd2 Qf4 16. Qd1 Bc6 17. Nbd2 Bc5 18. c4 Nb4 19. Be5 Qh6 20. Be2 Rd8 21.
Bxf6 Qxf6 22. Qf1 Qg6 23. a3 Nd3 24. Bxd3 Qxd3 25. Qe1 a5 26. Ra2 Qg6 27. g3
Bd4 28. Ne5 Bxe5 29. Qxe5 Qg4 30. Qe3 Qg6 31. Nf3 Rd3 32. Ne5 Rxe3 33. Nxg6
Rxb3 34. Ne7+ Kf8 35. Nxc6 bxc6 36. Kg2 Ke7 37. f4 Rab8 38. Rcc2 Rd3 39. a4 Rb4
40. Kf2 c5 41. Ke2 Rd4 42. Ke3 f6 43. Ra3 Rbxc4 44. Rxc4 Rxc4 45. Kd3 Rb4 46.
Kc2 Kd6 47. Rd3+ Rd4 48. Ra3 Kd5 49. Kc3 e5 0-1

[Event "Senioren-BEM Halle"]
[Site "Halle"]
[Date "2014.10.12"]
[Round "4.5"]
[White "Schmidt-Seifert, Bernhard"]
[Black "Albrecht, Juergen"]
[Result "0-1"]
[WhiteElo "1721"]
[BlackElo "2230"]
[PlyCount "70"]
[EventDate "2014.??.??"]

1. Nf3 Nf6 2. d4 g6 3. c4 Bg7 4. e3 O-O 5. Be2 d6 6. Nc3 Nbd7 7. O-O c6 8. b3
a6 9. Bb2 b6 10. Qc2 Bb7 11. Nd2 c5 12. d5 e6 13. Bf3 Ne5 14. e4 Nxf3+ 15. Nxf3
exd5 16. exd5 Bc8 17. h3 Bf5 18. Qd2 h6 19. Rfe1 g5 20. Nh2 Qd7 21. g4 Bg6 22.
Re2 Rae8 23. Rae1 Rxe2 24. Rxe2 Re8 25. Nf1 b5 26. Ng3 bxc4 27. bxc4 Kf8 28. f3
Rb8 29. Nd1 Qa4 30. Ne4 Nxe4 31. Bxg7+ Kxg7 32. fxe4 Rb1 33. Qc3+ f6 34. Rf2
Qxd1+ 35. Kh2 Qg1# 0-1

[Event "Senioren-BEM Halle"]
[Site "Halle"]
[Date "2014.10.12"]
[Round "4.6"]
[White "Ruehlemann, Ronald"]
[Black "Ruehlemann, Harald"]
[Result "1/2-1/2"]
[WhiteElo "1695"]
[BlackElo "1793"]
[PlyCount "39"]
[EventDate "2014.??.??"]

1. d4 Nf6 2. Nf3 d5 3. Bf4 Bf5 4. Nbd2 e6 5. e3 Be7 6. Be2 Nbd7 7. Ne5 O-O 8.
O-O c5 9. c3 cxd4 10. exd4 Rc8 11. Ndf3 a6 12. Nxd7 Nxd7 13. Re1 b5 14. Ne5 Nb6
15. a4 Nxa4 16. c4 Nxb2 17. Qb3 Nxc4 18. Rxa6 Nxe5 19. Bxe5 b4 20. Rea1 1/2-1/2

[Event "Senioren-BEM Halle"]
[Site "Halle"]
[Date "2014.10.12"]
[Round "4.7"]
[White "Stanke, Achim"]
[Black "Bocionek, Dieter"]
[Result "1-0"]
[WhiteElo "2122"]
[BlackElo "1996"]
[PlyCount "59"]
[EventDate "2014.??.??"]

1. d4 Nf6 2. Nf3 d5 3. c4 e6 4. Nc3 Bb4 5. g3 c5 6. Bg2 Ne4 7. Qc2 Qa5 8. Bd2
Nxd2 9. Qxd2 cxd4 10. Nxd4 dxc4 11. O-O Bxc3 12. bxc3 Nd7 13. Rab1 O-O 14. Rb5
Qd8 15. Rd1 Qf6 16. Qc2 Nb6 17. a4 e5 18. Nf3 Bf5 19. Qc1 Be4 20. a5 Bc6 21.
Rc5 Nc8 22. Nxe5 Bxg2 23. Nd7 Qe7 24. Re5 Qd8 25. Nxf8 Qxf8 26. Kxg2 Ne7 27.
Qa3 Nc6 28. Qxf8+ Kxf8 29. Rc5 Re8 30. a6 1-0

[Event "Senioren-BEM Halle"]
[Site "Halle"]
[Date "2014.10.12"]
[Round "4.10"]
[White "Ptitsyn, Vadim"]
[Black "Tonn, Waldemar"]
[Result "0-1"]
[WhiteElo "1688"]
[BlackElo "1694"]
[PlyCount "46"]
[EventDate "2014.??.??"]

1. e4 e6 2. c4 c5 3. Nf3 Nc6 4. d4 cxd4 5. Nxd4 Bc5 6. Nb3 Be7 7. Nc3 Nf6 8.
Be2 b6 9. a3 Bb7 10. Be3 O-O 11. O-O Rc8 12. f3 Ba6 13. Nb5 d5 14. cxd5 exd5
15. exd5 Nxd5 16. Bd2 Bf6 17. Rb1 Re8 18. Re1 Re7 19. Nc3 Nxc3 20. bxc3 Bxe2
21. Rxe2 Ne5 22. Be1 Qxd1 23. Rxd1 Nxf3+ 0-1

[Event "Senioren-BEM Halle"]
[Site "Halle"]
[Date "2014.10.12"]
[Round "5.1"]
[White "Benne, Horst"]
[Black "Bocionek, Dieter"]
[Result "0-1"]
[WhiteElo "2095"]
[BlackElo "1996"]
[PlyCount "84"]
[EventDate "2014.??.??"]

1. d4 d5 2. Nf3 Nf6 3. c3 b6 4. Bf4 e6 5. e3 Bd6 6. Ne5 O-O 7. Nd2 Bb7 8. Bd3
c5 9. O-O Ba6 10. Bxa6 Nxa6 11. Qa4 Nb8 12. Ndf3 Nh5 13. Bg3 Nxg3 14. hxg3 f6
15. Nd3 c4 16. Nf4 Re8 17. b3 Qd7 18. Qxd7 Nxd7 19. bxc4 dxc4 20. a4 Rac8 21.
Rfb1 g5 22. Ne2 Rb8 23. Nd2 Rec8 24. Nc1 Kf7 25. Na2 h5 26. Nb4 a5 27. Nc2 f5
28. Na3 Bxa3 29. Rxa3 Nf6 30. Rb5 Rc6 31. f3 g4 32. e4 Kg6 33. Ra1 Nd7 34. Re1
Kf6 35. exf5 exf5 36. d5 Rc5 37. Re6+ Kf7 38. Rh6 Rxb5 39. axb5 Nf6 40. Ne4
fxe4 41. fxg4 hxg4 42. Kf2 Kg7 0-1

[Event "Senioren-BEM Halle"]
[Site "Halle"]
[Date "2014.10.12"]
[Round "5.2"]
[White "Albrecht, Juergen"]
[Black "Nowak, Stefan"]
[Result "1-0"]
[WhiteElo "2230"]
[BlackElo "1999"]
[PlyCount "131"]
[EventDate "2014.??.??"]

1. e4 e5 2. Nf3 Nf6 3. d4 exd4 4. e5 Qe7 5. Bd3 d6 6. O-O dxe5 7. Nxe5 Be6 8.
Re1 Nbd7 9. f4 O-O-O 10. f5 Nxe5 11. Rxe5 Qd6 12. Bf4 Bd5 13. Na3 Qb6 14. Bg5
h6 15. Bh4 Bd6 16. Bxf6 gxf6 17. Rxd5 Bxh2+ 18. Kxh2 Rxd5 19. Nc4 Qc5 20. Qf3
Rd7 21. Re1 h5 22. Re4 c6 23. Rh4 Qe7 24. Rxh5 Rxh5+ 25. Qxh5 Rd8 26. Qe2 Qc7+
27. g3 Rg8 28. Qf3 b5 29. Nd2 a6 30. b4 Kb7 31. Nb3 Qd6 32. a3 Rh8+ 33. Kg2 Rg8
34. Be4 Kb6 35. Qd3 Rd8 36. Na5 Re8 37. Nb3 Rd8 38. Kf3 Kc7 39. Na5 Rg8 40. Kf2
Re8 41. Nb3 Rd8 42. Qf3 Kb6 43. Nc5 Rh8 44. Kg2 Rg8 45. Qb3 Qc7 46. Qd3 Rd8 47.
c4 dxc3 48. Qe3 Rd2+ 49. Kf3 Qd6 50. Na4+ Kc7 51. Qb6+ Kd7 52. Nxc3 Ke7 53. Qe3
Kf8 54. Ne2 Ra2 55. Nd4 a5 56. Nxc6 Qd1+ 57. Kf4 axb4 58. axb4 Qf1+ 59. Kg4 Rh2
60. Bf3 Qh3+ 61. Kf4 Rc2 62. Bd5 Kg7 63. Nd4 Qf1+ 64. Nf3 Rb2 65. Qe7 Qc1+ 66.
Kg4 1-0

[Event "Senioren-BEM Halle"]
[Site "Halle"]
[Date "2014.10.12"]
[Round "5.3"]
[White "Hilbert, Stephan-Joerg"]
[Black "Ruemmler, Roland"]
[Result "1/2-1/2"]
[WhiteElo "1798"]
[BlackElo "1986"]
[PlyCount "30"]
[EventDate "2014.??.??"]

1. b4 c5 2. e4 e6 3. bxc5 Bxc5 4. d4 Be7 5. c3 Nf6 6. e5 Nd5 7. Qg4 g6 8. Bd3
Qa5 9. Ne2 f5 10. exf6 Nxf6 11. Qg3 Nc6 12. O-O Nd8 13. Qh3 Nf7 14. c4 Qh5 15.
Qxh5 Nxh5 1/2-1/2

[Event "Senioren-BEM Halle"]
[Site "Halle"]
[Date "2014.10.12"]
[Round "5.4"]
[White "Markus, Nico"]
[Black "Fischer, Joerg"]
[Result "1/2-1/2"]
[WhiteElo "1804"]
[BlackElo "1808"]
[PlyCount "29"]
[EventDate "2014.??.??"]

1. e4 c5 2. c3 e6 3. d4 cxd4 4. cxd4 d5 5. exd5 exd5 6. Nf3 Be7 7. Nc3 Nf6 8.
Bb5+ Nbd7 9. O-O O-O 10. Re1 Nb6 11. h3 a6 12. Bd3 Re8 13. Bf4 Nc4 14. Qc2 h6
15. Rad1 1/2-1/2

[Event "Senioren-BEM Halle"]
[Site "Halle"]
[Date "2014.10.12"]
[Round "5.6"]
[White "Markus, Roland"]
[Black "Ruehlemann, Ronald"]
[Result "0-1"]
[WhiteElo "1754"]
[BlackElo "1695"]
[PlyCount "46"]
[EventDate "2014.??.??"]

1. e4 e5 2. Nf3 Nc6 3. d4 exd4 4. Nxd4 Nf6 5. Nxc6 bxc6 6. Bd3 Be7 7. Nc3 d6 8.
O-O O-O 9. h3 Nd7 10. Be3 Bf6 11. Qd2 Nb6 12. f4 Be6 13. b3 d5 14. e5 Be7 15.
Kh1 c5 16. Ne2 d4 17. Nxd4 cxd4 18. Bxd4 Bd5 19. c4 Bb7 20. Rad1 Nd7 21. f5 Bc5
22. Ba1 Qh4 23. Rf4 Qxh3# 0-1

[Event "Senioren-BEM Halle"]
[Site "Halle"]
[Date "2014.10.12"]
[Round "5.7"]
[White "Moellmann, Hans-Joachim"]
[Black "Stanke, Achim"]
[Result "0-1"]
[WhiteElo "1855"]
[BlackElo "2122"]
[PlyCount "54"]
[EventDate "2014.??.??"]

1. d4 g6 2. c4 Bg7 3. g3 d6 4. Bg2 Nd7 5. Nf3 e5 6. O-O Nh6 7. Nc3 O-O 8. d5 f6
9. e4 Nf7 10. b4 a5 11. Qb3 axb4 12. Qxb4 f5 13. Be3 b6 14. a4 Nc5 15. Nd2 f4
16. Bxc5 bxc5 17. Qb3 Ng5 18. Nb5 Bh3 19. Nf3 Bxg2 20. Nxg5 Qxg5 21. Kxg2 f3+
22. Kh1 Rf7 23. a5 Qg4 24. a6 g5 25. a7 Qh3 26. Rg1 Rf6 27. Nxc7 Qxh2+ 0-1

[Event "Senioren-BEM Halle"]
[Site "Halle"]
[Date "2014.10.12"]
[Round "5.8"]
[White "Tonn, Waldemar"]
[Black "Jessen, Helmut"]
[Result "1-0"]
[WhiteElo "1694"]
[BlackElo "1778"]
[PlyCount "43"]
[EventDate "2014.??.??"]

1. f4 d5 2. Nf3 g6 3. e3 Bg7 4. d4 Nf6 5. Bd3 O-O 6. Nbd2 Nc6 7. c3 b6 8. O-O
Bb7 9. Qe1 e6 10. Ne5 Qc8 11. Qh4 Nd8 12. Rf3 Ba6 13. Bxa6 Qxa6 14. Rh3 Qe2 15.
Nd7 Qd1+ 16. Nf1 Qh5 17. Nxf6+ Bxf6 18. Qxf6 Qg4 19. Bd2 Nb7 20. Ng3 Nd6 21.
Rh4 Ne4 22. Nxe4 1-0

[Event "Senioren-BEM Halle"]
[Site "Halle"]
[Date "2014.10.12"]
[Round "5.11"]
[White "Kuehn, Ekkehard"]
[Black "Ptitsyn, Vadim"]
[Result "1/2-1/2"]
[WhiteElo "1734"]
[BlackElo "1688"]
[PlyCount "104"]
[EventDate "2014.??.??"]

1. d4 Nf6 2. c4 g6 3. Nc3 Bg7 4. e4 d6 5. Be2 O-O 6. Nf3 e5 7. dxe5 dxe5 8.
Qxd8 Rxd8 9. Bg5 c6 10. Nxe5 Re8 11. Bf4 Na6 12. f3 Nxe4 13. Nxe4 Bxe5 14. Bxe5
Rxe5 15. Kf2 Bf5 16. Ng3 Nc5 17. f4 Ne4+ 18. Nxe4 Rxe4 19. Bd3 Rd4 20. Bxf5
Rxf4+ 21. Kg3 Rxf5 22. Rhe1 Kf8 23. Rad1 Re8 24. Rxe8+ Kxe8 25. b3 Rf6 26. Rd2
Ke7 27. Kg4 b6 28. a3 Rd6 29. Re2+ Re6 30. Rd2 f5+ 31. Kf3 g5 32. g3 Rd6 33.
Re2+ Kf7 34. Kf2 Rd3 35. Kg2 a6 36. Kf2 b5 37. cxb5 axb5 38. Rc2 Rd6 39. a4
bxa4 40. bxa4 Ke7 41. a5 Kd7 42. a6 Kc7 43. Rb2 c5 44. Rb7+ Kc8 45. Rb5 Rxa6
46. Rxc5+ Kd7 47. Rxf5 h6 48. Ke3 Ke6 49. Rf8 Ke5 50. Kf3 Ra3+ 51. Kg4 Ra4+ 52.
Kf3 h5 1/2-1/2